000
00259nam a2200097Ia 4500
001
796502
005
20250826170749.0
008
250824s9999 xx 000 0 und d
245
0
_a
OSMANLIDA HUKUK SANSKANDALLARI
_c
YAŞAR ŞAHİN ANIL
260
_b
PANAMA YAYINLARI
999
_c
796502
_d
796502